00438nam a2200145Ia 4500008004100000020001300041040001700054041001200071082001700083100002800100245004900128260004800177300001500225500005200240230917s9999||||xx |||||||||||||| ||und|| cGBP22.99 e256622aMAIN aEnglish a300.72 B127H aBackhouse, Roger E, ed. 0aHistoriography of the modern social sciences aCambridgebCambridge University Pressc2018 aix, 248 p. a3555 24/07/2019 RK19/973 06/08/2019 Main Budget